| 000 | 00467nam a2200181Ia 4500 | ||
|---|---|---|---|
| 001 | 25571 | ||
| 008 | 140411s9999 xx 000 0 und d | ||
| 020 | _a0-345-37982-9 | ||
| 040 | _cPK-LaUMT | ||
| 082 |
_a 152.47 _bLAR-F |
||
| 100 | _aCarol Larsen Hegarty | ||
| 245 |
_aFrom anger to forgiveness _cCarol Larsen Hegarty<>Earnie Larsen |
||
| 260 |
_aNew York,USA: _bBantam Books, _c1992 |
||
| 300 | _a194 | ||
| 546 | _aEN | ||
| 700 | _aEarnie Larsen | ||
| 942 | _cBK | ||
| 999 |
_c25740 _d25740 |
||